000 00761nam a2200253 a 4500
001 BRL_1550
005 20190320211247.0
008 030314s1991----mx-ab#####---#000-0#spa-#
020 _a9686271128
041 _aspa
044 _amx
050 4 _aHT1053
_b.H47 1991
100 1 _aHerrera Casasús, Luisa
_927246
245 1 0 _aPiezas de indias
_bla esclavitud negra en México
_cLuisa Herrera Casasús
260 _aMéxico
_bInstituto Veracruzano de Cultura
_c1991
300 _a147 p.
_bil., mapas
_c20 cm.
440 0 _aSerie Estudios históricos
_922657
500 _aAu1819
504 _aBibliografía: p. 143-147
650 1 4 _aEsclavitud
_xHistoria
_zMéxico
_927247
650 1 4 _aNegros
_xHistoria
_zMéxico
_923787
902 _aGRL
942 _2lcc
_cB
999 _c10359
_d10359